the vampire diaries characters - Statistics

General Stats
  • This quiz has been taken 927 times
  • The average score is 25 of 38
Answer Stats
Hint Answer % Correct
Bennett bonnie
99%
Lockwood carol
97%
Forbes caroline
95%
Salvatore damon
94%
Salvatore stefan
94%
Gilbert elena
93%
Gilbert jeremy
92%
Donovan matt
90%
Lockwood tyler
88%
Saltzman alaric
86%
Mikealson rebekah
86%
Mikealson elijah
85%
Mikealson kol
84%
Mikealson finn
81%
Mikealson niklaus
80%
Donovan vicki
80%
Gilbert john
77%
Mikealson esther
69%
Bennett sheila
68%
Saltzman lizzie
67%
Bennett emily
66%
Marshall hayley
66%
Saltzman josie
64%
Bennett abby
63%
Lockwood mason
57%
Mikealson freya
55%
Parker olivia
49%
Mikealson hope
45%
Gerard marcel
43%
Mikealson henrik
41%
Mikealson mikeal
38%
Parker josette
37%
Claire davina
35%
Parker malachai
33%
O'connel camille
31%
Parker lucas
30%
Forbes elisabeth
21%
Salvatore lilian
21%
No matching quizzes found
Score Distribution
Percent of People with Each Score
Percentile by Number Answered
Your Score History
You have not taken this quiz